Las angélicas fuentes o El tomista en las Cortes : (Record no. 142208)

MARC details
000 -LEADER
campo de control de longitud fija 01589nam a2200325 i 4500
001 - NÚMERO DE CONTROL
campo de control 142208
003 - IDENTIFICADOR DE NÚMERO DE CONTROL
campo de control ES-MaACL
005 - FECHA Y HORA DE LA ÚLTIMA TRANSACCIÓN
campo de control 20260326153905.0
007 - CAMPO FIJO DE DESCRIPCIÓN FÍSICA--INFORMACIÓN GENERAL
campo de control de longitud fija t|
008 - DATOS DE LONGITUD FIJA--INFORMACIÓN GENERAL
campo de control de longitud fija 071003s1849 sp |||| | spa d
080 ## - NÚMERO DE LA CLASIFICACIÓN DECIMAL UNIVERSAL
Número de la Clasificación Decimal Universal 328(460)"1810/14"
100 1# - ENTRADA PRINCIPAL--NOMBRE DE PERSONA
Nombre de persona Villanueva, Joaquín Lorenzo,
Fechas asociadas al nombre 1757-1837
9 (RLIN) 115023
245 14 - MENCIÓN DEL TÍTULO
Título Las angélicas fuentes o El tomista en las Cortes :
Resto del título primera y segunda parte /
Mención de responsabilidad, etc. escritas en Cádiz en 1811 y 1813 por Joaquín Lorenzo Villanueva.
250 ## - MENCION DE EDICION
Mención de edición Nueva ed. precedida de unos apuntes biográficos acerca del autor /
Resto de la mención de edición por Rafael María Baralt y Nemesio Fernández Cuesta.
260 ## - PUBLICACIÓN, DISTRIBUCIÓN, ETC.
Lugar de publicación, distribución, etc. Madrid :
Nombre del editor, distribuidor, etc. [s.n.],
Fecha de publicación, distribución, etc. 1849 (
Fabricante Imp. de Celestino G. Álvarez)
300 ## - DESCRIPCIÓN FÍSICA
Extensión 143 p. ;
Dimensiones 25 cm.
490 1# - MENCIÓN DE SERIE
Mención de serie Obras políticas, económicas y sociales de Rafael María Baralt y Nemesio Fernández Cuesta
530 ## - NOTA DISPONIBLE DE FORMULARIO FÍSICO ADICIONAL
Nota de formato físico adicional disponible Disponible en formato digital.
600 14 - PUNTO DE ACCESO ADICIONAL DE MATERIA--NOMBRE DE PERSONA
Nombre de persona Villanueva, Joaquín Lorenzo,
Fechas asociadas al nombre 1757-1837
9 (RLIN) 115023
610 14 - PUNTO DE ACCESO ADICIONAL DE MATERIA--NOMBRE DE ENTIDAD CORPORATIVA
Nombre de entidad corporativa o nombre de jurisdicción como elemento de entrada España.
Unidad subordinada Cortes de Cádiz
9 (RLIN) 3663
700 1# - ENTRADA AGREGADA--NOMBRE PERSONAL
Nombre de persona Baralt, Rafael María.
9 (RLIN) 25302
700 1# - ENTRADA AGREGADA--NOMBRE PERSONAL
Nombre de persona Fernández Cuesta, Nemesio,
Fechas asociadas al nombre 1818-1893
9 (RLIN) 49614
740 32 - ENTRADA AGREGADA--TÍTULO RELACIONADO/ANALÍTICO NO CONTROLADO
Título relacionado o analítico no controlado El tomista en las Cortes.
830 1# - PUNTO DE ACCESO ADICIONAL DE SERIE-TÍTULO UNIFORME
Título uniforme Obras políticas, económicas y sociales de Rafael María Baralt y Nemesio Fernández Cuesta
9 (RLIN) 220481
852 ## - LOCALIZACIÓN
Ubicación ES-MaACL
Número de control de estantería R-1921
itemnumber 147348
Ubicación en estantería Depósito 1
Signatura antigua Olim: 1503-F-5.
852 ## - LOCALIZACIÓN
Ubicación ES-MaACL
Número de control de estantería 1503-F-5
Nota libre Revisado enlace: 27 de Marzo 2025.
itemnumber 147347
Ubicación en estantería Depósito folletos
condición física Ejemplar fotocopiado
856 4# - LOCALIZACIÓN Y ACCESO ELECTRÓNICOS
Identificador Uniforme de Recursos <a href="http://mdc.csuc.cat/cdm/ref/collection/fonsFerran/id/16419 ">http://mdc.csuc.cat/cdm/ref/collection/fonsFerran/id/16419 </a>
Texto de enlace Universitat Pompeu Fabra
942 ## - ELEMENTOS DE ENTRADA SECUNDARIOS (KOHA)
Fuente del sistema de clasificación o colocación Clasificación decimal universal
Holdings
Estatus retirado Estado de pérdida Estado de daño No para préstamo Colección Biblioteca de origen Biblioteca actual Ubicación en estantería Fecha de adquisición Fuente de adquisición Total de préstamos Signatura topográfica completa Código de barras Visto por última vez Precio de reemplazo Tipo de ítem Koha
        Colección de folletos Biblioteca del Ateneo de Madrid Biblioteca del Ateneo de Madrid Depósito folletos 17/01/2008     1503-F-5 1147966 23/02/2023 23/02/2023 Folleto
        Colección digital Biblioteca del Ateneo de Madrid Biblioteca del Ateneo de Madrid Depósito 17/01/2008     R-1921 1147965 23/02/2023 23/02/2023 Libro impreso antiguo